Съёмки Дмитрия Нагиева - Армагеддон - Statistics

General Stats
  • This quiz has been taken 23 times
  • The average score is 4 of 25
Answers on the Grid
Answers color-coded by a green-red scale on the quiz's grid according to % correct below.
Бабушка лёгкого поведения
2 отца и 2 сына
Ёлки 3
Большие гонки
Агентство НЛС
Ёлки 5
Осторожно, модерн!
За стеклом
Левиафан
Полярный рейс
Большой спор
Ярик
Сдвиг
Чистилище
История одного назначения
Окна
Экспресс до Пекина
Ирония судьбы: Продолжение
О чём ещё говорят мужчины
72 метра
Последний богатырь
Ёлки новые
Территория Джа
Кислота
Русский ковчег
Осторожно, модерн! 2
Груз 200
Капитан Волконогов бежал
Физрук
Самый лучший день
Бабушка лёгкого поведения 2
Скалолазка
Последний богатырь: Корень зла
Али-Баба и 40 разбойников
Самый лучший фильм
Охота на изюбря
Метод
Особенности национальной охоты в зимний период
Голубой Ургант
Одной левой
Что творят мужчины
О чём молчат девушки
Каменская
Непрощённый
Поцелуй не для прессы
Ёлки последние
Человек с бульвара Капуцинок
Последний богатырь: Посланник тьмы
Самый лучший фильм 2
Ёлки 12
 
Answer Stats
Answer % Correct
Физрук
72%
2 отца и 2 сына
50%
Ёлки 12
44%
Осторожно, модерн!
33%
Большие гонки
28%
Осторожно, модерн! 2
28%
Самый лучший день
22%
Самый лучший фильм
22%
Ёлки последние
22%
Чистилище
17%
Окна
17%
Каменская
17%
Самый лучший фильм 2
17%
Одной левой
11%
Непрощённый
11%
Ёлки новые
6%
Территория Джа
6%
Бабушка лёгкого поведения 2
6%
Полярный рейс
0%
Большой спор
0%
Экспресс до Пекина
0%
Скалолазка
0%
Охота на изюбря
0%
Что творят мужчины
0%
Али-Баба и 40 разбойников
0%
No matching quizzes found
Score Distribution
Percent of People with Each Score
Percentile by Number Answered
Your Score History
You have not taken this quiz